000 00888nam a2200277 i 4500
001 000028615
003 DO-SdBNP
005 20250721113643.0
007 ta
008 250721s1985 dr a 000 j spa d
040 _aDO-SdBNP
_bspa
_cBNPHU
_erda
041 _asp
082 _axxx
_bS623
_222
100 1 _aKneitschel, Dietmar
_eautor
_922552
245 1 _aEl sindicato :
_bsus fundamentos, objetivos y principios, cuaderno del participante /
_cDietmar Kneitschel
250 _aSegunda edición
264 _aSanto Domingo :
_bFundación Friedrich Ebert,
_c1985.
300 _a30 paginas. :
_bilustraciones ;
_c21 cm.
336 _ardacontent
_btexto
_2txt
337 _ardamedia
_bsin mediación
_2n
338 _ardacarrier
_bvolumen
_2nc
490 1 _aModulos audiovisuales de capacitación sindical ;
_v4
590 _aInventariado, 2025 /DG
910 _aDG
942 _2ddc
_cLF2
999 _c59593
_d59593